Steiermark - Quiz - Statistiken

Allgemein
  • Dieses Quiz wurde 425 mal gespielt
  • Das Durchschnittsergebnis liegt bei 12 aus 20
Antwortstatistiken
Frage Antwort % Korrekt
Hauptstadt Graz
100%
Nachbarstaat Slowenien
92%
Längster Fluss Mur
88%
Wahrzeichen, auf dem Schlossberg Uhrturm
87%
Zweitgrößte Stadt Leoben
82%
Größte Fußballclubs aus der Hauptstadt (Nenne einen) SK Sturm Graz | Grazer AK
82%
Stadt, die in einem bekannten Lied von S.T.S. besungen wird Fürstenfeld
80%
Markenrechtlich geschütztes Speiseöl Steirisches Kürbiskernöl
78%
Flächenmäßig größte Gemeinde und berühmter Wallfahrtsort Mariazell
61%
Spitzname Grüne Mark / Grünes Herz Österreichs
56%
Wappentier Panther
51%
Hausberg Schladmings, auf dem jährlich das Ski-Nightrace ausgetragen wird Planai
49%
Erzherzog, der als großer Modernisierer in die Geschichte einging Johann von Österreich
47%
Berühmte Bildungsstätte in dieser Stadt Montanuniversität
45%
Berühmter Schriftsteller vom Alpl, "Waldbauernbub" Peter Rosegger
40%
Größter See, auf dem regelmäßig das Narzissenfest stattfindet Grundlsee
37%
Der oben genannte See liegt im steirischen Teil dieser Region Salzkammergut
35%
Landeshymne Dachsteinlied
33%
Größtes Volkskulturfest Österreichs Aufsteirern
30%
Weststeirischer Roséwein Schilcher
26%
Keine übereinstimmenden Quizze gefunden
Verteilung der Resultate
Anzahl Personen mit jedem Resultat
Perzentil nach korrekt beantworteten Fragen
Ihre Resultats-Entwicklung
Sie haben dieses Quiz noch nicht gespielt